000 00526nam a2200169 a 4500
005 20140412111322.0
008 001207s19uu xx 00 eng d
020 _a0-307-12625-0
050 _aER
_bIw1 1991
100 _aAlexander, Liza
245 _aI want to be a doctor /
_cby Liza Alexander ; illustrated by Lauren Attinello.
260 _aU. S. A :
_bA Sesame Street/Golden Press Book,
_c1991.
300 _a1 v. (unp.) ; ill.
440 _aCTW/Sesame Street
650 _aDoctor stories -- Fiction
999 _c104411
_d104411